[Event "Turniej Przyjazni Polsko-Wegierskiej"]
[Site "Katowice"]
[Date "2018.05.05"]
[Round "6.4"]
[White "Janik, Igor"]
[Black "Pakleza, Zbigniew"]
[Result "0-1"]
[BlackElo "2549"]
[WhiteElo "2356"]
[LiveChessVersion "1.4.8"]

1. e4 {[%clk 0:15:19]} d5 {[%clk 0:15:19]} 2. exd5 {[%clk 0:15:27]} Nf6
{[%clk 0:15:28]} 3. Nf3 {[%clk 0:15:35]} Nxd5 {[%clk 0:15:37]} 4. d4
{[%clk 0:15:44]} Bg4 {[%clk 0:15:46]} 5. c4 {[%clk 0:15:53]} Nb6 {[%clk 0:15:55]}
6. c5 {[%clk 0:16:00]} N6d7 {[%clk 0:16:00]} 7. Be2 {[%clk 0:15:33]} e6
{[%clk 0:15:47]} 8. Be3 {[%clk 0:15:16]} Nc6 {[%clk 0:15:44]} 9. O-O
{[%clk 0:14:44]} Be7 {[%clk 0:15:53]} 10. Nc3 {[%clk 0:14:54]} O-O
{[%clk 0:15:56]} 11. a3 {[%clk 0:14:57]} Nf6 {[%clk 0:13:13]} 12. h3
{[%clk 0:14:34]} Bh5 {[%clk 0:13:22]} 13. b4 {[%clk 0:11:00]} a6 {[%clk 0:13:31]}
14. Qd2 {[%clk 0:09:32]} Nd5 {[%clk 0:13:17]} 15. Rad1 {[%clk 0:09:25]} h6
{[%clk 0:11:54]} 16. Rfe1 {[%clk 0:07:50]} Nxc3 {[%clk 0:11:43]} 17. Qxc3
{[%clk 0:07:58]} Bf6 {[%clk 0:11:52]} 18. Rd2 {[%clk 0:07:20]} Ne7
{[%clk 0:11:50]} 19. Qb3 {[%clk 0:06:20]} Nd5 {[%clk 0:11:43]} 20. Rc2
{[%clk 0:05:41]} c6 {[%clk 0:11:36]} 21. Nd2 {[%clk 0:04:26]} Nxe3
{[%clk 0:10:08]} 22. Qxe3 {[%clk 0:03:48]} Bxd4 {[%clk 0:10:04]} 23. Qg3
{[%clk 0:03:57]} Bg6 {[%clk 0:09:52]} 24. Ra2 {[%clk 0:03:43]} a5
{[%clk 0:08:42]} 25. Nb3 {[%clk 0:03:52]} axb4 {[%clk 0:07:52]} 26. Rd2
{[%clk 0:04:01]} e5 {[%clk 0:07:41]} 27. Nxd4 {[%clk 0:03:56]} exd4
{[%clk 0:07:49]} 28. axb4 {[%clk 0:04:05]} Qf6 {[%clk 0:04:26]} 29. Qd6
{[%clk 0:03:26]} Qxd6 {[%clk 0:03:17]} 30. cxd6 {[%clk 0:03:35]} Rad8
{[%clk 0:03:06]} 31. Rxd4 {[%clk 0:03:43]} Rfe8 {[%clk 0:03:15]} 32. Kf1
{[%clk 0:03:32]} Be4 {[%clk 0:03:12]} 33. d7 {[%clk 0:02:10]} Re6
{[%clk 0:03:20]} 34. Ra1 {[%clk 0:02:16]} Bd5 {[%clk 0:02:30]} 35. Bg4
{[%clk 0:00:30]} Rd6 {[%clk 0:02:24]} 36. Kg1 {[%clk 0:00:16]} g6
{[%clk 0:02:29]} 37. Ra7 {[%clk 0:00:17]} h5 {[%clk 0:02:33]} 38. Bf3
{[%clk 0:00:19]} R8xd7 {[%clk 0:02:37]} 39. Bxd5 {[%clk 0:00:27]} Rxd5
{[%clk 0:02:46]} 40. Re4 {[%clk 0:00:37]} Rb5 {[%clk 0:02:48]} 41. Kh2
{[%clk 0:00:34]} Rd2 {[%clk 0:02:39]} 42. Kg3 {[%clk 0:00:17]} Rb2
{[%clk 0:02:32]} 43. Ra4 {[%clk 0:00:26]} Rg5+ {[%clk 0:02:41]} 44. Kf3
{[%clk 0:00:31]} Rf5+ 45. Rf4 Rxf4+ {[%clk 0:02:50]} 46. Kxf4 {[%clk 0:00:49]}
Rxf2+ {[%clk 0:02:59]} 47. Ke5 {[%clk 0:00:53]} Rxg2 {[%clk 0:03:03]} 48. Ra7
{[%clk 0:01:03]} Rg5+ {[%clk 0:03:12]} 49. Kf6 {[%clk 0:01:09]} Rf5+
{[%clk 0:03:21]} 0-1

[Event "Turniej Przyjazni Polsko-Wegierskiej"]
[Site "Katowice"]
[Date "2018.05.05"]
[Round "6.5"]
[White "Piorun, Kacper"]
[Black "Jarmula, Lukasz"]
[Result "1-0"]
[BlackElo "2222"]
[WhiteElo "2639"]
[LiveChessVersion "1.4.8"]

1. e4 {[%clk 0:15:18]} e6 {[%clk 0:15:18]} 2. d4 {[%clk 0:15:22]} d5
{[%clk 0:15:26]} 3. e5 {[%clk 0:15:17]} c5 {[%clk 0:15:34]} 4. c3
{[%clk 0:15:26]} Nc6 {[%clk 0:15:42]} 5. Nf3 {[%clk 0:15:34]} Qb6
{[%clk 0:15:51]} 6. a3 {[%clk 0:15:43]} Nh6 {[%clk 0:15:04]} 7. b4
{[%clk 0:15:52]} cxd4 {[%clk 0:15:11]} 8. Bxh6 {[%clk 0:16:00]} gxh6
{[%clk 0:15:11]} 9. cxd4 {[%clk 0:16:09]} Rg8 {[%clk 0:14:49]} 10. h3
{[%clk 0:14:28]} Bd7 {[%clk 0:14:43]} 11. g3 {[%clk 0:14:07]} Rc8
{[%clk 0:13:30]} 12. Ra2 {[%clk 0:12:16]} Be7 {[%clk 0:10:06]} 13. Be2
{[%clk 0:11:31]} f6 {[%clk 0:09:22]} 14. exf6 {[%clk 0:11:35]} Bxf6
{[%clk 0:09:30]} 15. Rd2 {[%clk 0:11:43]} a5 {[%clk 0:08:49]} 16. bxa5
{[%clk 0:10:23]} Nxa5 {[%clk 0:08:17]} 17. Kf1 {[%clk 0:09:21]} Qb3
{[%clk 0:06:46]} 18. Qe1 {[%clk 0:08:36]} Nc4 {[%clk 0:06:22]} 19. Rd3
{[%clk 0:08:44]} Qb2 {[%clk 0:05:24]} 20. Kg2 {[%clk 0:08:53]} Nd6
{[%clk 0:05:11]} 21. Nbd2 {[%clk 0:07:41]} Rc3 {[%clk 0:03:25]} 22. Rxc3
{[%clk 0:06:40]} Qxc3 {[%clk 0:03:34]} 23. Qb1 {[%clk 0:06:42]} Nf5
{[%clk 0:02:38]} 24. Rc1 {[%clk 0:05:11]} Qxa3 {[%clk 0:02:37]} 25. Bb5
{[%clk 0:04:37]} Qd6 {[%clk 0:00:55]} 26. Ne5 {[%clk 0:04:45]} Bxe5
{[%clk 0:00:32]} 27. dxe5 {[%clk 0:04:53]} Qb8 {[%clk 0:00:20]} 28. Nf3
{[%clk 0:03:20]} Bxb5 {[%clk 0:00:16]} 29. Qxb5+ {[%clk 0:03:27]} Ke7
{[%clk 0:00:24]} 30. Rb1 {[%clk 0:02:20]} Rd8 {[%clk 0:00:33]} 31. g4
{[%clk 0:02:16]} Ng7 {[%clk 0:00:40]} 32. Qd3 {[%clk 0:02:19]} Rh8
{[%clk 0:00:31]} 33. Rb4 {[%clk 0:02:20]} Qc7 {[%clk 0:00:27]} 34. Qb1
{[%clk 0:02:29]} Rb8 {[%clk 0:00:12]} 35. Qxh7 {[%clk 0:02:35]} Kf7
{[%clk 0:00:12]} 36. Rf4+ {[%clk 0:02:42]} 1-0

[Event "Turniej Przyjazni Polsko-Wegierskiej"]
[Site "Katowice"]
[Date "2018.05.05"]
[Round "6.6"]
[White "Cieslar, Michal"]
[Black "Krasenkow, Michal"]
[Result "1-0"]
[BlackElo "2546"]
[WhiteElo "2153"]
[LiveChessVersion "1.4.8"]

1. e4 {[%clk 0:15:18]} c6 {[%clk 0:15:19]} 2. d3 {[%clk 0:15:19]} d5
{[%clk 0:15:27]} 3. Nd2 {[%clk 0:15:28]} g6 {[%clk 0:15:24]} 4. g3
{[%clk 0:15:19]} Bg7 {[%clk 0:15:33]} 5. Bg2 {[%clk 0:15:24]} e5 {[%clk 0:15:42]}
6. Ne2 {[%clk 0:15:15]} Ne7 {[%clk 0:15:47]} 7. O-O {[%clk 0:15:21]} O-O
{[%clk 0:15:56]} 8. Kh1 {[%clk 0:15:24]} f5 {[%clk 0:15:46]} 9. f4
{[%clk 0:15:31]} Nd7 {[%clk 0:15:07]} 10. c3 {[%clk 0:14:31]} dxe4
{[%clk 0:14:04]} 11. dxe4 {[%clk 0:14:30]} Nc5 {[%clk 0:14:09]} 12. fxe5
{[%clk 0:13:57]} Nxe4 {[%clk 0:13:49]} 13. Nxe4 {[%clk 0:13:35]} Qxd1
{[%clk 0:13:53]} 14. Rxd1 {[%clk 0:13:28]} fxe4 {[%clk 0:14:02]} 15. Bxe4
{[%clk 0:13:29]} Bg4 {[%clk 0:13:31]} 16. Re1 {[%clk 0:11:11]} Bxe5
{[%clk 0:13:37]} 17. Nf4 {[%clk 0:10:20]} Rad8 {[%clk 0:11:35]} 18. Nd3
{[%clk 0:09:29]} Bf6 {[%clk 0:09:35]} 19. Be3 {[%clk 0:09:20]} b6
{[%clk 0:09:44]} 20. Nf2 {[%clk 0:08:02]} Be6 {[%clk 0:09:13]} 21. Bg2
{[%clk 0:07:39]} Bd5 {[%clk 0:07:21]} 22. Ne4 {[%clk 0:07:52]} Bg7
{[%clk 0:06:31]} 23. Kg1 {[%clk 0:06:50]} h6 {[%clk 0:06:01]} 24. a4
{[%clk 0:06:35]} c5 {[%clk 0:02:19]} 25. a5 {[%clk 0:06:37]} Bc4 {[%clk 0:01:41]}
26. axb6 {[%clk 0:04:52]} axb6 {[%clk 0:01:51]} 27. Ra7 {[%clk 0:04:54]} Nf5
{[%clk 0:01:05]} 28. Bf4 {[%clk 0:04:37]} Rde8 {[%clk 0:00:35]} 29. Rd1
{[%clk 0:04:06]} Bb5 {[%clk 0:00:44]} 30. Nd6 {[%clk 0:03:47]} Nxd6
{[%clk 0:00:48]} 31. Bxd6 {[%clk 0:03:56]} Rf5 {[%clk 0:00:53]} 32. Bd5+
{[%clk 0:03:03]} Kh7 {[%clk 0:00:54]} 33. c4 {[%clk 0:03:12]} Rxd5
{[%clk 0:00:36]} 34. cxd5 {[%clk 0:03:13]} Kg8 {[%clk 0:00:46]} 35. Be7
{[%clk 0:02:31]} Bd4+ {[%clk 0:00:40]} 36. Kg2 {[%clk 0:02:37]} Kf7
{[%clk 0:00:21]} 37. Bxc5+ {[%clk 0:02:43]} 1-0

[Event "Turniej Przyjazni Polsko-Wegierskiej"]
[Site "Katowice"]
[Date "2018.05.05"]
[Round "6.7"]
[White "Tworzydlo, Piotr"]
[Black "Swayams, Mishra"]
[Result "1/2-1/2"]
[BlackElo "2518"]
[WhiteElo "2196"]
[LiveChessVersion "1.4.8"]

1. c4 {[%clk 0:15:17]} Nf6 {[%clk 0:08:51]} 2. Nf3 {[%clk 0:15:15]} g6
{[%clk 0:08:52]} 3. g3 {[%clk 0:15:19]} Bg7 {[%clk 0:08:51]} 4. Bg2
{[%clk 0:15:27]} c5 {[%clk 0:08:58]} 5. O-O {[%clk 0:14:53]} O-O {[%clk 0:09:06]}
6. d4 {[%clk 0:14:16]} cxd4 {[%clk 0:09:01]} 7. Nxd4 {[%clk 0:14:23]} Nc6
{[%clk 0:08:52]} 8. Nc3 {[%clk 0:14:08]} Qa5 {[%clk 0:09:01]} 9. Nb3
{[%clk 0:12:21]} Qh5 {[%clk 0:09:08]} 10. Nd5 {[%clk 0:11:43]} d6
{[%clk 0:08:44]} 11. Nf4 {[%clk 0:10:00]} Qe5 {[%clk 0:08:51]} 12. h3
{[%clk 0:09:00]} Rd8 {[%clk 0:08:15]} 13. Nd3 {[%clk 0:08:15]} Qf5
{[%clk 0:07:51]} 14. Be3 {[%clk 0:07:02]} h5 {[%clk 0:07:12]} 15. Rc1
{[%clk 0:06:54]} Ne4 {[%clk 0:05:40]} 16. Qc2 {[%clk 0:06:24]} Ng5
{[%clk 0:05:13]} 17. h4 {[%clk 0:04:57]} Ne6 {[%clk 0:05:22]} 18. Qd2
{[%clk 0:03:46]} Bd7 {[%clk 0:04:53]} 19. Rfd1 {[%clk 0:03:32]} a5
{[%clk 0:04:14]} 20. Bb6 {[%clk 0:02:39]} Rdc8 {[%clk 0:04:23]} 21. Na1
{[%clk 0:01:50]} a4 {[%clk 0:03:16]} 22. Nc2 {[%clk 0:01:58]} Qf6
{[%clk 0:02:14]} 23. Ne3 {[%clk 0:02:02]} Bh6 {[%clk 0:01:41]} 24. Nd5
{[%clk 0:01:56]} Qg7 {[%clk 0:01:45]} 25. Be3 {[%clk 0:01:54]} Bxe3
{[%clk 0:01:53]} 26. Qxe3 {[%clk 0:02:03]} Rd8 {[%clk 0:01:38]} 27. Qd2
{[%clk 0:00:47]} Kf8 {[%clk 0:01:05]} 28. e3 {[%clk 0:00:54]} Ne5
{[%clk 0:00:31]} 29. N3f4 {[%clk 0:00:44]} Rac8 {[%clk 0:00:17]} 30. Nb6
{[%clk 0:00:48]} Rc7 {[%clk 0:00:23]} 31. Nxd7+ {[%clk 0:00:56]} Rcxd7
{[%clk 0:00:19]} 32. Nxe6+ {[%clk 0:00:55]} fxe6 {[%clk 0:00:27]} 33. Qb4
{[%clk 0:00:49]} Nc6 {[%clk 0:00:19]} 34. Qxa4 {[%clk 0:00:44]} Qxb2
{[%clk 0:00:23]} 35. Bxc6 {[%clk 0:00:31]} bxc6 {[%clk 0:00:32]} 36. Qxc6
{[%clk 0:00:40]} Qxa2 {[%clk 0:00:40]} 37. Qe4 {[%clk 0:00:48]} Kf7
{[%clk 0:00:48]} 38. Qf4+ {[%clk 0:00:46]} Kg7 {[%clk 0:00:57]} 39. Qe4
{[%clk 0:00:50]} e5 {[%clk 0:00:50]} 40. c5 {[%clk 0:00:47]} Qe6 {[%clk 0:00:37]}
41. cxd6 {[%clk 0:00:41]} exd6 {[%clk 0:00:38]} 42. Rc6 {[%clk 0:00:38]} Rf8
{[%clk 0:00:25]} 43. Rd2 {[%clk 0:00:29]} Rf6 {[%clk 0:00:30]} 44. Kg2
{[%clk 0:00:31]} Qf5 {[%clk 0:00:24]} 45. Qd5 {[%clk 0:00:27]} Qg4
{[%clk 0:00:19]} 46. Rb2 {[%clk 0:00:23]} e4 {[%clk 0:00:21]} 47. Qd4
{[%clk 0:00:25]} Qf3+ {[%clk 0:00:26]} 48. Kg1 {[%clk 0:00:34]} Kh7
{[%clk 0:00:19]} 49. Kh2 {[%clk 0:00:30]} Qf5 {[%clk 0:00:16]} 50. Rd2
{[%clk 0:00:21]} Qe6 {[%clk 0:00:28]} 51. Kg2 {[%clk 0:00:32]} Qg4
{[%clk 0:00:28]} 52. Rb6 {[%clk 0:00:40]} Qf3+ {[%clk 0:00:35]} 53. Kh2
{[%clk 0:00:49]} Qf5 {[%clk 0:00:40]} 54. Rb5 {[%clk 0:00:41]} Qf3
{[%clk 0:00:25]} 55. Rb8 {[%clk 0:00:44]} Rdf7 {[%clk 0:00:28]} 56. Qc4
{[%clk 0:00:41]} Qg4 {[%clk 0:00:32]} 57. Kg2 {[%clk 0:00:43]} Qf3+
{[%clk 0:00:31]} 58. Kh2 {[%clk 0:00:52]} Qg4 {[%clk 0:00:34]} 59. Kg2
{[%clk 0:01:01]} Qf3+ {[%clk 0:00:18]} 60. Kh2 {[%clk 0:01:10]} Qf5
{[%clk 0:00:24]} 61. Kg2 {[%clk 0:01:13]} Qg4 {[%clk 0:00:30]} 62. Rd8
{[%clk 0:00:52]} Qf3+ {[%clk 0:00:28]} 63. Kh2 {[%clk 0:01:01]} Qg4
{[%clk 0:00:36]} 64. Kg2 {[%clk 0:01:04]} Qf3+ {[%clk 0:00:29]} 65. Kh2
{[%clk 0:01:10]} Qf5 {[%clk 0:00:35]} 66. Kg2 {[%clk 0:01:19]} Qf3+
{[%clk 0:00:22]} 67. Kh2 {[%clk 0:01:28]} Qf5 {[%clk 0:00:16]} 68. Kg2
{[%clk 0:01:31]} Qf3+ 1/2-1/2

[Event "Turniej Przyjazni Polsko-Wegierskiej"]
[Site "Katowice"]
[Date "2018.05.05"]
[Round "6.8"]
[White "Chylewski, Patryk"]
[Black "Orzech, Dominik"]
[Result "1/2-1/2"]
[BlackElo "2417"]
[WhiteElo "2128"]
[LiveChessVersion "1.4.8"]

1. d4 {[%clk 0:15:18]} d5 {[%clk 0:15:10]} 2. c4 {[%clk 0:15:26]} c6
{[%clk 0:15:19]} 3. cxd5 {[%clk 0:15:34]} cxd5 {[%clk 0:15:23]} 4. Bf4
{[%clk 0:15:42]} Nf6 {[%clk 0:14:40]} 5. Nc3 {[%clk 0:15:49]} Nc6
{[%clk 0:14:47]} 6. e3 {[%clk 0:15:57]} a6 {[%clk 0:14:32]} 7. Bd3
{[%clk 0:15:52]} Bg4 {[%clk 0:13:14]} 8. f3 {[%clk 0:15:00]} Bh5 {[%clk 0:13:19]}
9. Nge2 {[%clk 0:15:07]} e6 {[%clk 0:13:21]} 10. O-O {[%clk 0:15:11]} Be7
{[%clk 0:13:08]} 11. Rc1 {[%clk 0:15:02]} O-O {[%clk 0:13:11]} 12. Bg3
{[%clk 0:14:07]} Bg6 {[%clk 0:13:07]} 13. Nf4 {[%clk 0:14:05]} Rc8
{[%clk 0:12:59]} 14. Nxg6 {[%clk 0:13:33]} hxg6 {[%clk 0:13:07]} 15. Qd2
{[%clk 0:13:29]} Na5 {[%clk 0:11:59]} 16. Ne2 {[%clk 0:09:27]} Nc4
{[%clk 0:11:07]} 17. Bxc4 {[%clk 0:09:33]} dxc4 {[%clk 0:11:16]} 18. e4
{[%clk 0:09:08]} Qd7 {[%clk 0:09:53]} 19. Rfd1 {[%clk 0:08:28]} Rfd8
{[%clk 0:10:01]} 20. Qa5 {[%clk 0:06:44]} Qb5 {[%clk 0:08:25]} 21. Qxb5
{[%clk 0:06:25]} axb5 {[%clk 0:08:34]} 22. b3 {[%clk 0:06:17]} Ba3
{[%clk 0:08:12]} 23. Rc3 {[%clk 0:06:06]} Bb4 {[%clk 0:07:58]} 24. Rcc1
{[%clk 0:04:51]} Ba3 {[%clk 0:07:08]} 25. Rc3 {[%clk 0:05:00]} Bb2
{[%clk 0:07:00]} 26. Rc2 {[%clk 0:04:43]} c3 {[%clk 0:07:00]} 27. b4
{[%clk 0:04:16]} Rc4 {[%clk 0:06:56]} 28. Be1 {[%clk 0:03:42]} Rdc8
{[%clk 0:05:29]} 29. Rd3 {[%clk 0:03:49]} Rxb4 {[%clk 0:04:48]} 30. Bxc3
{[%clk 0:03:57]} Bxc3 {[%clk 0:04:23]} 31. Rdxc3 {[%clk 0:04:05]} Rxc3
{[%clk 0:04:04]} 32. Rxc3 {[%clk 0:04:13]} Rb2 {[%clk 0:04:09]} 33. Kf2
{[%clk 0:03:44]} Ne8 {[%clk 0:03:16]} 34. Rb3 {[%clk 0:03:29]} Rxa2
{[%clk 0:03:20]} 35. Rxb5 {[%clk 0:03:37]} Ra7 {[%clk 0:03:04]} 36. Nc3
{[%clk 0:03:23]} Kf8 {[%clk 0:03:06]} 37. d5 {[%clk 0:03:07]} Ra3
{[%clk 0:03:09]} 38. Nb1 {[%clk 0:02:32]} Ra2+ {[%clk 0:03:15]} 39. Kg3
{[%clk 0:02:41]} exd5 {[%clk 0:03:03]} 40. Nc3 {[%clk 0:02:28]} Nd6
{[%clk 0:01:54]} 41. Rb4 {[%clk 0:01:22]} Ra3 {[%clk 0:01:41]} 42. Nxd5
{[%clk 0:01:31]} Ke8 {[%clk 0:01:44]} 43. Kf4 {[%clk 0:01:12]} Ra2
{[%clk 0:01:46]} 44. e5 {[%clk 0:00:57]} Nf5 {[%clk 0:00:42]} 45. g4
{[%clk 0:01:02]} Nh4 {[%clk 0:00:46]} 46. Rxb7 {[%clk 0:00:50]} g5+
{[%clk 0:00:53]} 47. Kxg5 {[%clk 0:00:23]} Nxf3+ {[%clk 0:01:03]} 48. Kf4
{[%clk 0:00:31]} Nxh2 {[%clk 0:00:56]} 49. Nc3 {[%clk 0:00:20]} Rg2
{[%clk 0:00:56]} 50. Rb8+ {[%clk 0:00:23]} Kd7 {[%clk 0:00:58]} 51. g5
{[%clk 0:00:21]} Rf2+ {[%clk 0:00:31]} 52. Ke4 {[%clk 0:00:21]} Rc2
{[%clk 0:00:18]} 53. Nd5 {[%clk 0:00:21]} Re2+ {[%clk 0:00:14]} 54. Kf4
{[%clk 0:00:20]} Rf2+ {[%clk 0:00:15]} 55. Ke4 {[%clk 0:00:25]} Re2+
{[%clk 0:00:24]} 56. Kf4 {[%clk 0:00:34]} Rf2+ {[%clk 0:00:23]} 57. Ke4
{[%clk 0:00:43]} Re2+ {[%clk 0:00:18]} 58. Kf4 {[%clk 0:00:52]} Rf2+
{[%clk 0:00:27]} 59. Ke4 {[%clk 0:00:46]} Re2+ {[%clk 0:00:25]} 60. Kf4
{[%clk 0:00:49]} Rf2+ {[%clk 0:00:17]} 61. Ke4 {[%clk 0:00:43]} Re2+
{[%clk 0:00:17]} 1/2-1/2

[Event "Turniej Przyjazni Polsko-Wegierskiej"]
[Site "Katowice"]
[Date "2018.05.05"]
[Round "6.9"]
[White "Razin, Vadim"]
[Black "Flis, Jacek"]
[Result "1-0"]
[BlackElo "2164"]
[WhiteElo "2373"]
[LiveChessVersion "1.4.8"]

1. d4 {[%clk 0:15:17]} Nf6 {[%clk 0:15:15]} 2. Nf3 {[%clk 0:15:26]} g6
{[%clk 0:15:14]} 3. Bg5 {[%clk 0:15:32]} Bg7 {[%clk 0:15:17]} 4. Nbd2
{[%clk 0:15:41]} c5 {[%clk 0:13:24]} 5. e3 {[%clk 0:15:45]} cxd4 {[%clk 0:13:16]}
6. exd4 {[%clk 0:15:50]} O-O {[%clk 0:12:29]} 7. Bd3 {[%clk 0:15:50]} Nc6
{[%clk 0:12:30]} 8. c3 {[%clk 0:15:11]} d5 {[%clk 0:12:00]} 9. O-O
{[%clk 0:15:12]} Bf5 {[%clk 0:08:37]} 10. Bxf5 {[%clk 0:12:21]} gxf5
{[%clk 0:08:45]} 11. Bxf6 {[%clk 0:09:22]} Bxf6 {[%clk 0:08:38]} 12. Nb3
{[%clk 0:09:31]} e6 {[%clk 0:08:10]} 13. Nc5 {[%clk 0:09:37]} b6 {[%clk 0:07:09]}
14. Nd3 {[%clk 0:09:46]} Kh8 {[%clk 0:07:07]} 15. Re1 {[%clk 0:09:18]} Rg8
{[%clk 0:07:11]} 16. g3 {[%clk 0:09:12]} Qd7 {[%clk 0:05:36]} 17. Qd2
{[%clk 0:08:47]} Qd6 {[%clk 0:03:47]} 18. Nf4 {[%clk 0:05:46]} Rab8
{[%clk 0:02:13]} 19. Nh5 {[%clk 0:05:37]} Qe7 {[%clk 0:01:47]} 20. a4
{[%clk 0:04:32]} Bg5 {[%clk 0:01:23]} 21. Nxg5 {[%clk 0:04:25]} Qxg5
{[%clk 0:01:21]} 22. Qxg5 {[%clk 0:04:29]} Rxg5 {[%clk 0:01:30]} 23. Nf4
{[%clk 0:04:35]} Rgg8 {[%clk 0:01:21]} 24. Kg2 {[%clk 0:04:10]} Rgc8
{[%clk 0:01:20]} 25. h3 Ne7 {[%clk 0:01:01]} 26. g4 {[%clk 0:03:10]} Rg8
{[%clk 0:00:44]} 27. f3 {[%clk 0:03:12]} Ng6 {[%clk 0:00:47]} 28. Nh5
{[%clk 0:02:27]} Ne7 {[%clk 0:00:55]} 29. Kf2 {[%clk 0:02:03]} Rg6
{[%clk 0:00:52]} 30. Nf4 {[%clk 0:02:05]} Rgg8 {[%clk 0:00:52]} 31. Nd3
{[%clk 0:01:53]} Kg7 {[%clk 0:00:47]} 32. Rg1 {[%clk 0:01:35]} Kf6
{[%clk 0:00:48]} 33. Ne5 {[%clk 0:01:40]} Rbd8 {[%clk 0:00:24]} 34. Ke3
{[%clk 0:01:37]} Ng6 {[%clk 0:00:22]} 35. Nc6 {[%clk 0:01:24]} Rd7
{[%clk 0:00:16]} 36. a5 {[%clk 0:01:30]} b5 {[%clk 0:00:22]} 37. a6
{[%clk 0:01:37]} f4+ {[%clk 0:00:24]} 38. Kd3 {[%clk 0:01:34]} Nh4
{[%clk 0:00:28]} 39. Ne5 {[%clk 0:01:32]} Rc7 {[%clk 0:00:35]} 40. Ra5
{[%clk 0:01:23]} Rb8 {[%clk 0:00:24]} 41. b4 {[%clk 0:01:02]} Ng6
{[%clk 0:00:16]} 42. Re1 {[%clk 0:00:48]} Nh4 {[%clk 0:00:22]} 43. Re2
{[%clk 0:00:51]} Ke7 {[%clk 0:00:25]} 44. Kc2 {[%clk 0:00:19]} f6
{[%clk 0:00:23]} 45. Nd3 {[%clk 0:00:27]} Nxf3 {[%clk 0:00:31]} 46. Kb2
{[%clk 0:00:35]} Rbc8 {[%clk 0:00:19]} 47. Nxf4 {[%clk 0:00:39]} Kd6
{[%clk 0:00:24]} 48. Rxe6+ {[%clk 0:00:45]} Kd7 {[%clk 0:00:33]} 49. Re3
{[%clk 0:00:44]} Nxd4 {[%clk 0:00:18]} 50. cxd4 {[%clk 0:00:40]} Rc2+
{[%clk 0:00:27]} 51. Kb3 {[%clk 0:00:43]} Rc1 {[%clk 0:00:36]} 52. Ra2
{[%clk 0:00:42]} 1-0

[Event "Turniej Przyjazni Polsko-Wegierskiej"]
[Site "Katowice"]
[Date "2018.05.05"]
[Round "6.10"]
[White "Dzierzak, Radoslaw"]
[Black "Socko, Monika"]
[Result "0-1"]
[BlackElo "2360"]
[WhiteElo "2109"]
[LiveChessVersion "1.4.8"]

1. e4 {[%clk 0:15:17]} e6 {[%clk 0:15:19]} 2. d3 {[%clk 0:15:19]} c5
{[%clk 0:15:27]} 3. Nf3 {[%clk 0:15:25]} Nc6 {[%clk 0:15:35]} 4. g3
{[%clk 0:15:27]} g6 {[%clk 0:15:43]} 5. Bg2 {[%clk 0:15:32]} Bg7 {[%clk 0:15:52]}
6. O-O {[%clk 0:15:38]} Nge7 {[%clk 0:16:00]} 7. c3 {[%clk 0:15:42]} d6
{[%clk 0:15:43]} 8. d4 {[%clk 0:15:45]} cxd4 {[%clk 0:14:53]} 9. cxd4
{[%clk 0:15:53]} Qb6 {[%clk 0:15:02]} 10. Nc3 {[%clk 0:12:45]} O-O
{[%clk 0:12:09]} 11. Na4 {[%clk 0:10:31]} Qa6 {[%clk 0:11:26]} 12. Re1
{[%clk 0:09:47]} b5 {[%clk 0:11:11]} 13. Nc3 {[%clk 0:09:54]} b4 {[%clk 0:11:20]}
14. Bf1 {[%clk 0:09:00]} Qa5 {[%clk 0:11:16]} 15. Nb5 {[%clk 0:08:59]} d5
{[%clk 0:10:27]} 16. e5 {[%clk 0:08:35]} Ba6 {[%clk 0:10:12]} 17. a4
{[%clk 0:07:59]} Bxb5 {[%clk 0:09:54]} 18. Bxb5 {[%clk 0:07:48]} a6
{[%clk 0:09:54]} 19. Bf1 {[%clk 0:07:46]} Qb6 {[%clk 0:09:59]} 20. b3
{[%clk 0:07:09]} Rfc8 {[%clk 0:09:48]} 21. Bb2 {[%clk 0:06:36]} Na5
{[%clk 0:09:48]} 22. Qd3 {[%clk 0:06:18]} Rc6 {[%clk 0:08:37]} 23. h4
{[%clk 0:05:20]} Rac8 {[%clk 0:08:40]} 24. Rac1 {[%clk 0:05:28]} Bh6
{[%clk 0:08:44]} 25. Ng5 {[%clk 0:04:52]} Nf5 {[%clk 0:07:48]} 26. Rxc6
{[%clk 0:04:35]} Rxc6 {[%clk 0:07:54]} 27. Nf3 {[%clk 0:03:21]} Qc7
{[%clk 0:08:01]} 28. g4 {[%clk 0:03:11]} Ne7 {[%clk 0:08:07]} 29. g5
{[%clk 0:03:06]} Bf8 {[%clk 0:08:14]} 30. Nh2 {[%clk 0:02:06]} Nf5
{[%clk 0:06:59]} 31. Ng4 {[%clk 0:01:34]} Be7 {[%clk 0:06:59]} 32. Nf6+
{[%clk 0:01:12]} Bxf6 {[%clk 0:06:23]} 33. gxf6 {[%clk 0:01:20]} Nxh4
{[%clk 0:06:32]} 34. Qh3 {[%clk 0:01:15]} Nf5 {[%clk 0:06:40]} 35. Bd3
{[%clk 0:01:16]} Qc8 {[%clk 0:06:14]} 36. Kg2 {[%clk 0:00:53]} h5
{[%clk 0:06:23]} 37. Rg1 {[%clk 0:00:49]} Kh7 {[%clk 0:05:36]} 38. Rh1
{[%clk 0:00:31]} Rc2 {[%clk 0:05:23]} 39. Qf3 {[%clk 0:00:12]} Kg8
{[%clk 0:04:45]} 40. Rxh5 {[%clk 0:00:13]} gxh5 {[%clk 0:04:01]} 41. Qxh5
{[%clk 0:00:21]} Rxb2 {[%clk 0:04:02]} 42. Bxf5 {[%clk 0:00:15]} exf5
{[%clk 0:04:10]} 43. Qh6 {[%clk 0:00:14]} Rxf2+ {[%clk 0:03:25]} 44. Kxf2
{[%clk 0:00:23]} Qc2+ {[%clk 0:03:35]} 45. Kg3 {[%clk 0:00:13]} Qd3+
{[%clk 0:03:42]} 46. Kh2 {[%clk 0:00:16]} Qe2+ {[%clk 0:03:37]} 47. Kh1
{[%clk 0:00:22]} Qf3+ {[%clk 0:03:24]} 48. Kh2 {[%clk 0:00:22]} Qe2+
{[%clk 0:02:58]} 49. Kh1 {[%clk 0:00:26]} Qg4 {[%clk 0:03:07]} 50. Qc1
{[%clk 0:00:14]} f4 {[%clk 0:02:53]} 51. e6 {[%clk 0:00:23]} Qh3+
{[%clk 0:02:49]} 52. Kg1 {[%clk 0:00:28]} Qg4+ {[%clk 0:01:30]} 53. Kh2
{[%clk 0:00:17]} fxe6 {[%clk 0:01:26]} 54. Qc8+ {[%clk 0:00:16]} Kf7
{[%clk 0:01:34]} 55. Qd7+ {[%clk 0:00:13]} Kxf6 {[%clk 0:01:43]} 56. Qd8+
{[%clk 0:00:12]} Kf5 {[%clk 0:01:52]} 57. Qf8+ {[%clk 0:00:16]} Ke4
{[%clk 0:02:01]} 58. Qf6 {[%clk 0:00:20]} Qf5 {[%clk 0:01:59]} 0-1